Electricité et optique (Record no. 120428)

MARC details
000 -LEADER
campo de control de longitud fija 00890nam a2200229 4500
001 - NÚMERO DE CONTROL
campo de control 120428
003 - IDENTIFICADOR DE NÚMERO DE CONTROL
campo de control ES-MaACL
005 - FECHA Y HORA DE LA ÚLTIMA TRANSACCIÓN
campo de control 20230906191541.0
007 - CAMPO FIJO DE DESCRIPCIÓN FÍSICA--INFORMACIÓN GENERAL
campo de control de longitud fija t|
008 - DATOS DE LONGITUD FIJA--INFORMACIÓN GENERAL
campo de control de longitud fija 070214s1901 fr r ||||1| fre d
100 1# - ENTRADA PRINCIPAL--NOMBRE DE PERSONA
Nombre de persona Poincaré, Henri.
9 (RLIN) 92751
245 10 - MENCIÓN DEL TÍTULO
Título Electricité et optique
Resto del título : la lumière et les theories électrodynamiques : leçons professées a la Sorbonne en 1888, 1890 et 1899 /
Mención de responsabilidad, etc. Henri Poincaré ; 2e. éd. rev. et completé par Jules Blondin, Eugéne Néculcea.
250 ## - MENCION DE EDICION
Mención de edición 2e. éd. rev. et completé.
260 ## - PUBLICACIÓN, DISTRIBUCIÓN, ETC.
Lugar de publicación, distribución, etc. Paris :
Nombre del editor, distribuidor, etc. Gauthier-Villars,
Fecha de publicación, distribución, etc. 1901.
300 ## - DESCRIPCIÓN FÍSICA
Extensión X, 641 p. :
Otras características físicas il. ;
Dimensiones 25 cm.
490 1# - MENCIÓN DE SERIE
Mención de serie Des Cours de la Faculté des sciences de Paris
700 1# - ENTRADA AGREGADA--NOMBRE PERSONAL
Nombre de persona Blondin, Jules.
9 (RLIN) 29551
700 1# - ENTRADA AGREGADA--NOMBRE PERSONAL
Nombre de persona Néculcea, Eugéne.
9 (RLIN) 85271
830 0# - PUNTO DE ACCESO ADICIONAL DE SERIE-TÍTULO UNIFORME
Título uniforme Des Cours de la Faculté des sciences de Paris
9 (RLIN) 218676
852 ## - LOCALIZACIÓN
Ubicación ES-MaACL
Número de control de estantería G-5850
Holdings
Estatus retirado Estado de pérdida Estado de daño No para préstamo Biblioteca de origen Biblioteca actual Ubicación en estantería Fecha de adquisición Fuente de adquisición Total de préstamos Signatura topográfica completa Código de barras Visto por última vez Precio de reemplazo Tipo de ítem Koha
        Biblioteca del Ateneo de Madrid Biblioteca del Ateneo de Madrid Depósito 2 17/01/2008     G-5850 1125525 23/02/2023 23/02/2023 Libro impreso antiguo